| 000 | 00566nam a2200193Ia 4500 | ||
|---|---|---|---|
| 005 | 20250508154330.0 | ||
| 008 | 008 250505s9999 xx 000 0 eng d | ||
| 037 | _aTextual | ||
| 040 |
_aFEDL _beng _cFEDL |
||
| 041 |
_aeng _2eng |
||
| 084 |
_a157.9, PAR _qFEDL |
||
| 100 |
_aPareek Udai Narain _9240525 |
||
| 245 | 0 | _aDevelopment patterns in reactions to frustration | |
| 260 |
_aBombay, India _bAsia Publishing House _c1964 |
||
| 300 | _aviii,182p. | ||
| 650 | _aAbnormal Psychology | ||
| 942 |
_cTEXL _h157.9, PAR |
||
| 999 |
_c1349606 _d1349606 |
||